000 01400nam a22002897a 4500
005 20250901091843.0
008 240816b ||||| |||| 00| 0 eng d
082 _aDPer 155.205 J826 July-September 2020 v. 119 n. 1-3
100 _aLeander, N. Pontus.
_eauthor.
_958006
245 _aFrustration-affirmation? thwarted goals motivate compliance with social norms for violence and nonviolence /
_cN. Pontus Leander, Maximilian Agostini, Wolfgang Stroebe, Jannis Kreienkamp,Russell Spears, Toon Kuppens, Martijn Van Zomeren, Sabine Otten, and Arie W. Kruglanski.
260 _aWashington ;
_bAmerican Psychological Association ,
_cAugust 2020.
300 _aVolume 119, pages 249-271 :
_billustration ;
_c27 cm.
500 _aJournal of Personality and Social Psychology , vol. 119, no. 2, pages 249-271, August 2020.
650 _aSocial psychology.
_960664
650 _aViolence.
_960665
650 _aFirearms.
_960666
700 _aLeander, N. Pontus.
_eauthor.
_957997
700 _aAgostini, Maximilian.
_eauthor.
_957998
700 _aStroebe, Wolfgang.
_eauthor.
_957999
700 _aKreienkamp, Jannis.
_eauthor.
_958000
700 _aSpears, Russell.
_eauthor.
_958001
700 _aKuppens, Toon.
_eauthor.
_958002
700 _aZomeren, Martijn Van.
_eauthor.
_958003
700 _aOtten, Sabine.
_eauthor.
_958004
700 _aKruglanski, Arie W.
_eauthor.
_958005
942 _2ddc
_cPER
999 _c20533
_d20533